| 000 | 00429nam a2200157Ia 4500 | ||
|---|---|---|---|
| 003 | GCL | ||
| 008 | 140319s9999 xx 000 0 ara d | ||
| 040 |
_aGCL / _cGCL |
||
| 082 | 0 | 4 |
_a415 _bا ا |
| 100 | 1 | _aالياس ديب | |
| 245 | 1 | 0 |
_aاساليب التاكيد فى اللغة العربية / _cالياس ديب |
| 300 | _a350 ص | ||
| 490 | _a | ||
| 650 | 0 | 4 | _aاللغة العربية - النحو |
| 942 |
_2ddc _cBK |
||
| 999 |
_c44713 _d44713 |
||